000 00474nam a2200193Ia 4500
005 20240823024504.0
008 240823s9999||||xx |||||||||||||| ||und||
020 _a978-81-203-2897-6
041 _aENGLISH
082 _A005.7565 P9
100 _aSoman K P et al.
245 0 _aInsight in to Data Mining Theory and Practice
250 _a1st
260 _c2009
_b#VALUE!
500 _aYES
650 _aDatamining
_bComputer Science
942 _cBK
999 _c184040
_d184040